000 00491pab a2200169 454500
008 180718b2016-2017 xxu||||| |||| 00| 0 eng d
100 _aAnsari, Sarfaraz
245 _aA study of assessment of financial risk tolerance and preferred investment
260 _c2016-2017
300 _ap.1-9.
362 _aJul & Jan
650 _aFinancial risk
650 _aInvestment
700 _aPhatak, Yogeshwari
773 _aPrestige International Journal of Management
909 _a117063
999 _c117057
_d117057